Onze mois de captivité dans les hôpitaux allemands. (Record no. 90145)

MARC details
000 -LEADER
fixed length control field 00588cam a22002171 4500
001 - CONTROL NUMBER
control field sg 17000301
003 - CONTROL NUMBER IDENTIFIER
control field DLC
005 - DATE AND TIME OF LATEST TRANSACTION
control field 20260227112737.0
008 - FIXED-LENGTH DATA ELEMENTS--GENERAL INFORMATION
fixed length control field 810622s1916 xx 000 0 fre
010 ## - LIBRARY OF CONGRESS CONTROL NUMBER
LC control number sg 17000301
035 ## - SYSTEM CONTROL NUMBER
System control number (OCoLC)14796426
040 ## - CATALOGING SOURCE
Original cataloging agency DLC
Transcribing agency DNLM
Modifying agency DLC
042 ## - AUTHENTICATION CODE
Authentication code premarc
050 00 - LIBRARY OF CONGRESS CALL NUMBER
Classification number D640
Item number .O5
060 0# - NATIONAL LIBRARY OF MEDICINE CALL NUMBER
Classification number D 640
Item number O49o 1916
100 1# - MAIN ENTRY--PERSONAL NAME
Personal name Olivier,,
Titles and words associated with a name capitaine.
245 10 - TITLE STATEMENT
Title Onze mois de captivité dans les hôpitaux allemands.
260 ## - PUBLICATION, DISTRIBUTION, ETC.
Place of publication, distribution, etc. Paris,
Name of publisher, distributor, etc. Librairie Chapelot,
Date of publication, distribution, etc. 1916.
300 ## - PHYSICAL DESCRIPTION
Extent 264 p.
500 ## - GENERAL NOTE
General note At head of title: Capitaine Olivier.

No items available.

Powered by Koha